00773nam a2200181 a 4500003000200000005001700002008004100019050002800060100002800088245015500116260009000271300004000361504004100401650004300442650003900485650003000524650003700554020250528121057.0021121s19uu xx 00 eng d aPHS LC 191.8b.A33 2002 aAkbar, Bibi Aishah Ali. aThe Relationship of the educational background and the present career of selected parents of Southville International School /cBibi Aishah Ali Akbar. aLas Piñas City, Philippines :bSouthville International School and Colleges,c2002. a66 pages :billustrations :c28 cm. aIncludes bibliographical references. aEducation and employmentzPhilippines. aEducationzPhilippinesxInfluence. aOccupationszPhilippines. aCareer developmentzPhilippines.